| 000 | 01870nam a2200505 i 4500 | ||
|---|---|---|---|
| 001 | 15907 | ||
| 003 | KOSZ 005 | ||
| 005 | 20191021143056.0 | ||
| 008 | 071108s1966 pl a f f |000 0 pol | ||
| 015 | _aPB 1966/5098 | ||
| 035 | _a991038171939705066 | ||
| 035 | _a(PL-WaBN)b20224473-48omnis_nlop | ||
| 035 | _ab20224473 | ||
| 035 | _a(OCoLC)749156778 | ||
| 035 | _a(PL)b0000002022447 | ||
| 035 | _a(EXLNZ-48OMNIS_NETWORK)9910470043505606 | ||
| 040 |
_aWA N _cWA N _dKOSZ 005/EG |
||
| 041 | 1 |
_apol _hrus |
|
| 046 | _k1966 | ||
| 080 | _a66.01/.09 | ||
| 080 | _a547 | ||
| 245 | 1 | 0 |
_aPodstawy technologii syntezy petrochemicznej : _bpraca zbiorowa / _c[aut. B. T. Abajewa et al.] ; tł. z ros. [Władysław Gajewski et al.] ; uzup. i zaktualiz. Antoni Z. Zieliński. |
| 246 | 1 |
_iTyt. oryg.: _aOsnovy tehnologii neftehimičeskogo sinteza |
|
| 260 |
_aWarszawa : _bWydawnictwa Naukowo-Techniczne, _c1966. |
||
| 300 |
_aIII-XXIV, 1163, [1] s. : _bil. ; _c24 cm. |
||
| 336 |
_2rdacontent _aTekst _btxt |
||
| 337 |
_2rdamedia _aBez urządzenia pośredniczącego _bn |
||
| 338 |
_2rdamedia _aWolumin _bnc |
||
| 380 | _aKsiążki | ||
| 380 | _aPublikacje fachowe | ||
| 388 | _a1901-2000 | ||
| 388 | _a1945-1989 | ||
| 504 | _aBibliogr. | ||
| 521 | 8 | _aDla inżynierów chemików i studentów specjalizujących się w petrochemii. | |
| 650 | 7 |
_aPrzemysł naftowy _2DBN |
|
| 650 | 7 | _aTechnologia | |
| 658 | _aInżynieria i technika | ||
| 700 | 1 |
_aAbaeva, B. T. _eAutor |
|
| 700 | 1 |
_aGajewski, Władysław _d(1937- ) _eTłumaczenie |
|
| 700 | 1 |
_aZieliński, Antoni Zbigniew _d(1911-1996) _eOpracowanie |
|
| 710 | 2 |
_aWydawnictwa Naukowo-Techniczne _4pbl |
|
| 856 |
_uhttp://koha.tu.koszalin.pl/cgi-bin/koha/opac-detail.pl?biblionumber=15907 _yKatalog online BPK |
||
| 942 |
_2UKD _cKS |
||
| 999 |
_c15907 _d15907 |
||